00838nam a2200217 a 450000100060000000300080000600500170001400800410003103500190007204000350009104100080012608200250013410000250015924501610018426000680034530000390041350200740045250400340052665000270056070000330058783697BD-RjUL20240509102118.0240509s2010 bg a|||| m||| 00| 0 eng d a(BD-RjUL)83697 aBD-RjULbengcBD-RjULdBD-RjUL aeng 223a641.33bSIS 2010 aSima, Shamima Nasrin10aStudies on Culm Anatomy and Yield Related Traits in some Genotypes of Wheat (Triticum Aestivum L.) / cBy Shamima Nasrin Sima ;6Supervisor : Nasima Hossain aRajshahi :bDepartment of Botany, University of Rajshahi,c2010 aviii, 234 Leaves :bill, ;c29 cm. aThesis (Ph. D.) -- Department of Botany, University of Rajshahi, 2010 aReferences : Leaves [218]-234 aFood and drinkvWheat  aHossain, Nasima, Supervisor